| 000 | 00482nam a2200205Ia 4500 | ||
|---|---|---|---|
| 001 | 875 | ||
| 003 | GE_BSU | ||
| 008 | 181216s||||||||xx |||||||||||||| ||und|| | ||
| 040 | _cGE_BSU | ||
| 080 | _a94(38) | ||
| 245 | _aДревняя Анатолия | ||
| 245 | _bИн-т востоковедения | ||
| 260 | _aМосква | ||
| 260 | _bНаука | ||
| 260 | _c1985 | ||
| 300 | _a256стр. | ||
| 541 | _h6л. | ||
| 653 | _aДревняя Анатолия | ||
| 942 | _cBK | ||
| 999 |
_c35036 _d35036 |
||